Liturgický priestor ako odraz nebeskej ríše

Bibliographic Details
Main Author: Caban, Peter, 1978- (Author)
Format: Article
Language:Slovak
Subjects:

MARC

LEADER 00000nab a2200000 a 4500
001 vtls000741740
003 SK-MaSNL
005 20260304111516.0
008 250429c2000 xo 0 slo
015 |a SNBRB2000/12-30504 
035 |a CLN000093580 
035 |a urn:nbn:sk:snk-abkmz 
035 |a (urnnbn)urn:nbn:sk:snk:ar-a042g5 
035 |a (uuid)d8437b68-066e-480c-a983-f499c99f069a 
040 |a SNKBUCL  |b slo  |c SNKBUCL  |e AACR2 
041 0 |a slo 
044 |a xo  |c SK 
080 |a 264:246  |2 1997 
080 |a 246  |2 1997 
080 |a 726  |2 1997 
100 1 |a Caban, Peter,  |d 1978-  |4 aut  |9 488905 
245 1 0 |a Liturgický priestor ako odraz nebeskej ríše  |c Peter Caban 
504 |a Bibliogr. odkazy 
650 0 7 |a liturgia  |x priestor liturgický  |2 snkbucl  |9 1411920 
650 0 7 |a stavby sakrálne  |x priestor liturgický  |2 snkbucl  |9 1411921 
650 0 7 |a sakrálna architektúra  |2 snkbucl  |9 729 
655 7 |a články z novín a časopisov  |2 snkbucl  |9 267496 
773 0 |t Liturgia  |g Roč. 10, č. 1 (2000), s. 84-86  |x 1210-0676 
850 |a Slovenská národná knižnica 
852 |a Slovenská národná knižnica 
954 |a odborná, vedecká literatúra pôvodná (slovenská)  |2 lita 
958 |a article27 
958 |a NB 
958 |a OND 
958 |a EUIPO 
999 |c 2862621  |d 2864551